00298nam a2200121Ia 4500008004100000041000800041082001500049100000900064245003300073260003500106300002400141365001100165240624s9999 xx 000 0 und d aeng a299.93 OSH aOSHO aFIRST PRINCIPLE TALKS ON ZEN aMumbaibJaico Publishing House a280 : p. : cm. ; 21 cRSb20